Normal view
MARC view
Entry Personal Name
001 - CONTROL NUMBER
- control field: 82780
003 - CONTROL NUMBER IDENTIFIER
- control field: dpl
005 - DATE AND TIME OF LATEST TRANSACTION
- control field: 20250708143211.0
008 - FIXED-LENGTH DATA ELEMENTS
- fixed length control field: 250708|| aca||aabn | a|a d
040 ## - CATALOGING SOURCE
- Original cataloging agency: dpl
- Transcribing agency: dpl
100 ## - HEADING--PERSONAL NAME
- Personal name: Naachimuthu KP
670 ## - SOURCE DATA FOUND
- Source citation: Work cat.: (dpl)212239: Naachimuthu KP, Stories as an Effective Teaching-Learning Tool/
